| 000 | 00854nam a2200217Ia 4500 | ||
|---|---|---|---|
| 999 |
_c39846 _d39846 |
||
| 001 | 6451 | ||
| 003 | GE_BSU | ||
| 005 | 20191011121746.0 | ||
| 008 | 181216s1973||||ge |||||||||||||| ||geo|| | ||
| 040 | _cGE_BSU | ||
| 041 | _ageo | ||
| 080 | _a821.133.1-31 ბ-50 | ||
| 100 |
_aბეჟანიშვილი, როსტომ. _94684 |
||
| 245 |
_aშურისგების კალო : _bრომანი / _cროსტომ ბეჟანიშვილი ; რედ. ნ. კანდელაკი. |
||
| 264 |
_aთბილისი : _bსაბჭ.საქართველო ; _c1969. |
||
| 300 |
_a196 გვ.; _c17 სმ. |
||
| 653 | _aშურისგების კალო | ||
| 653 | _aრომანი | ||
| 700 |
_aჯაფარიძე, მ. _eრედაქტორი _94185 |
||
| 942 |
_cBK _2udc |
||